The Malays a cultural history

Saved in:
Bibliographic Details
Main Author: Richard Olof Winstedt
Format: Book
Language:Undetermined
Published: New York Philosophical Library 1950
Subjects:
Tags: Add Tag
No Tags, Be the first to tag this record!
Institutions: Trung tâm Học liệu Trường Đại học Cần Thơ
LEADER 00494nam a2200193Ia 4500
001 CTU_92044
008 210402s9999 xx 000 0 und d
082 |a 959.5 
082 |b W783 
100 |a Richard Olof Winstedt 
245 4 |a The Malays 
245 2 |b a cultural history 
245 0 |c Richard Olof Winstedt 
260 |a New York 
260 |b Philosophical Library 
260 |c 1950 
650 |a malaya 
904 |i Năm 
980 |a Trung tâm Học liệu Trường Đại học Cần Thơ